Movies Quiz

Random Movies or Quote Quiz

The Other Guys Quotes Quiz Stats

Quiz not verified by Sporcle

Also try: Movie Moms
Challenge
Share
Tweet
Embed
Score 0/15 Timer 06:00
0 Plays Today
% Correct
peacock
97.4%
toothpaste
90.1%
gat
88.8%
America
88%
Gator's
86.6%
black
84.8%
vagina
84.1%
soup
83.6%
% Correct
penis
80.1%
flying
80%
Little River Band
76.2%
shaved
73.2%
grandpa
62.9%
conscience
49.8%
MR
40.2%

You're not logged in!

Compare scores with friends on all Sporcle quizzes.
Join for Free
OR
Log In

You Might Also Like...

Show Comments

Extras

Created May 12, 2011ReportNominate
Tags:Quote Quiz, guy, The Other

Top Quizzes Today


Score Distribution

Your Account Isn't Verified!

In order to create a playlist on Sporcle, you need to verify the email address you used during registration. Go to your Sporcle Settings to finish the process.

Report this User

Report this user for behavior that violates our Community Guidelines.

Details: